[Event "Titled Tuesday intern op 14th April"]
[Site "Chess.com INT"]
[Date "2020.04.14"]
[Round "4"]
[White "Frogov, Pepe"]
[Black "Pesotskiy, Mikhail"]
[Result "1-0"]
[WhiteElo "2570"]
[BlackElo "2245"]
[PlyCount "73"]
[EventDate "2020.04.14"]
[EventType "swiss (blitz)"]
[EventRounds "10"]
[EventCountry "USA"]
[SourceTitle "EXT 2021"]
[Source "ChessBase"]
[SourceDate "2020.10.23"]
[SourceVersion "1"]
[SourceVersionDate "2020.10.23"]
[SourceQuality "1"]

1. Nf3 Nf6 2. d4 e6 3. c4 Bb4+ 4. Nc3 b6 5. Qc2 Bb7 6. e3 Ne4 7. Bd3 Bxc3+ 8. bxc3 f5 9. 0-0 0-0 10. Nd2 Nxd2 11. Bxd2 Qh4 12. f3 d6 13. e4 fxe4 14. fxe4 Nd7 15. Be3 e5 16. g3 Qg4 17. Qg2 Nf6 18. h3 Qg6 19. d5 Nh5 20. Kh2 a5 21. Rf5 Bc8 22. Rxf8+ Kxf8 23. Rf1+ Kg8 24. g4 Nf6 25. g5 Nd7 26. Qf3 Ba6 27. Qf5 Qxf5 28. exf5 Rf8 29. Kg3 Nc5 30. Bxc5 bxc5 31. Rb1 Kf7 32. h4 Ke7 33. Kg4 h6 34. h5 Kd7 35. f6 gxf6 36. gxh6 Ke7 37. Bf5 1-0

[Event "Titled Tuesday intern op 14th April"]
[Site "Chess.com INT"]
[Date "2020.04.14"]
[Round "3"]
[White "Ozen, Bahadir"]
[Black "Frogov, Pepe"]
[Result "1-0"]
[WhiteElo "2369"]
[BlackElo "2567"]
[PlyCount "65"]
[EventDate "2020.04.14"]
[EventType "swiss (blitz)"]
[EventRounds "10"]
[EventCountry "USA"]
[SourceTitle "EXT 2021"]
[Source "ChessBase"]
[SourceDate "2020.10.23"]
[SourceVersion "1"]
[SourceVersionDate "2020.10.23"]
[SourceQuality "1"]

1. Nf3 Nf6 2. c4 g6 3. Nc3 d5 4. cxd5 Nxd5 5. e4 Nb6 6. h3 Bg7 7. d4 0-0 8. Be2 a5 9. 0-0 Nc6 10. Be3 a4 11. d5 Na5 12. Bd4 Bd7 13. Bxg7 Kxg7 14. Qd4+ Kg8 15. Rfd1 Qc8 16. e5 Rd8 17. Qh4 Re8 18. Ng5 h5 19. Bxh5 Kg7 20. Be2 Rh8 21. Qf4 f6 22. e6 Be8 23. Nf3 Qd8 24. Rac1 Nc8 25. Ne4 Nd6 26. Nxd6 cxd6 27. Qb4 g5 28. Nd4 Bg6 29. Bd3 Rh4 30. Bxg6 Kxg6 31. Qxa4 Qb6 32. Qc2+ Kg7 33. Nf5+ 1-0

[Event "Titled Tuesday intern op 4th Dec"]
[Site "Chess.com INT"]
[Date "2018.12.04"]
[Round "8"]
[White "Frogov, Pepe"]
[Black "Trent, Lawrence"]
[Result "0-1"]
[WhiteElo "2505"]
[BlackElo "2385"]
[PlyCount "42"]
[EventDate "2018.12.04"]
[EventType "swiss (blitz)"]
[EventRounds "10"]
[EventCountry "USA"]
[SourceTitle "EXT 2021"]
[Source "ChessBase"]
[SourceDate "2020.10.23"]
[SourceVersion "1"]
[SourceVersionDate "2020.10.23"]
[SourceQuality "1"]

1. d4 d5 2. c4 e5 3. dxe5 d4 4. Nf3 Nc6 5. h3 Bf5 6. a3 Qe7 7. Bf4 0-0-0 8. Nbd2 f6 9. exf6 Nxf6 10. Qb3 Nd7 11. Bg5 Qe8 12. 0-0-0 Nc5 13. Qa2 Be7 14. Bxe7 Qxe7 15. Ne1 Rhf8 16. Ndf3 Na5 17. b4 Ncb3+ 18. Kb2 Nxc4+ 19. Kxb3 Qf7 20. Ng5 Qg8 21. e4 d3 0-1